[Event "SVK-ch U16"]
[Site "Liptovsky Mikulas"]
[Date "2018.04.24"]
[Round "6"]
[White "Hudek, Simon"]
[Black "Pajger, Andrej"]
[Result "1-0"]
[WhiteElo "1443"]
[BlackElo "1420"]
[PlyCount "99"]
[EventDate "2018.04.21"]
[EventType "swiss"]
[EventRounds "9"]
[EventCountry "SVK"]
[SourceTitle "CBM 184 Extra"]
[Source "ChessBase"]
[SourceDate "2018.06.28"]
[SourceVersion "1"]
[SourceVersionDate "2018.06.28"]
[SourceQuality "1"]

1. e4 c5 2. Nf3 g6 3. d4 cxd4 4. Qxd4 Nf6 5. c4 Nc6 6. Qe3 d6 7. Nc3 Nb4 8. Qd2 Bg7 9. Be2 0-0 10. 0-0 Bg4 11. h3 Bxf3 12. Bxf3 Rc8 13. b3 b6 14. Ba3 Nc6 15. Rac1 Nd7 16. Rfd1 Nc5 17. Qe3 Re8 18. Nd5 e6 19. Nc3 Qh4 20. Rxd6 Bh6 21. Qe2 Bxc1 22. Bxc1 Qe7 23. e5 f6 24. Rxc6 Rxc6 25. Bxc6 Rc8 26. Bf3 Nd7 27. exf6 Nxf6 28. Bb2 Rc5 29. Ba3 a5 30. Bxc5 bxc5 31. Nd5 Qf7 32. Nxf6+ Qxf6 33. Qd2 h5 34. Qxa5 Qa1+ 35. Kh2 Qe5+ 36. g3 h4 37. Qd8+ Kg7 38. Qxh4 g5 39. Qe4 Qb2 40. Qe2 Qd4 41. Qe3 Qf6 42. Bg4 Kf7 43. Qxc5 Qb2 44. Bh5+ Kg7 45. Qe7+ Kh6 46. Qf7 Qc2 47. g4 Qe4 48. Qg6+ Qxg6 49. Bxg6 Kxg6 50. a4 1-0

[Event "SVK-ch U16"]
[Site "Liptovsky Mikulas"]
[Date "2018.04.24"]
[Round "5"]
[White "Zumrik, Marek"]
[Black "Hudek, Simon"]
[Result "1-0"]
[WhiteElo "1464"]
[BlackElo "1443"]
[PlyCount "81"]
[EventDate "2018.04.21"]
[EventType "swiss"]
[EventRounds "9"]
[EventCountry "SVK"]
[SourceTitle "EXT 2019"]
[Source "ChessBase"]
[SourceDate "2018.10.10"]
[SourceVersion "1"]
[SourceVersionDate "2018.10.10"]
[SourceQuality "1"]

1. e4 d6 2. d4 Nf6 3. Nc3 g6 4. Be3 c6 5. f3 Qc7 6. Qd2 Nbd7 7. Nge2 Bg7 8. g4 b5 9. g5 Nh5 10. d5 b4 11. dxc6 Qxc6 12. Nd5 a5 13. 0-0-0 Ba6 14. Nd4 Qb7 15. Bxa6 Rxa6 16. Qe2 Nc5 17. Qb5+ Qxb5 18. Nxb5 Kd7 19. Bxc5 dxc5 20. Ndc7+ Kc6 21. Nxa6 Kxb5 22. Nc7+ Kc6 23. Nd5 e6 24. Ne3 Bd4 25. Ng2 e5 26. Rhf1 Rb8 27. Kb1 a4 28. f4 f6 29. gxf6 Nxf6 30. fxe5 Bxe5 31. Ne3 Bd4 32. Rxd4 cxd4 33. Rxf6+ Kc5 34. Ng4 b3 35. axb3 axb3 36. Rf3 bxc2+ 37. Kxc2 Rc8 38. Kd3 Rb8 39. Rf2 Rb3+ 40. Kc2 Kb4 41. Rd2 1-0

[Event "SVK-chT3B2 1718"]
[Site "Slovakia"]
[Date "2017.12.17"]
[Round "6.6"]
[White "Sosovicka, Marian"]
[Black "Hudek, Simon"]
[Result "0-1"]
[WhiteElo "1467"]
[BlackElo "1432"]
[PlyCount "85"]
[EventDate "2017.10.08"]
[EventType "team-tourn"]
[EventRounds "11"]
[EventCountry "SVK"]
[SourceTitle "EXT 2019"]
[Source "ChessBase"]
[SourceDate "2018.10.10"]
[SourceVersion "1"]
[SourceVersionDate "2018.10.10"]
[SourceQuality "1"]
[WhiteTeam "Dubnica nad Vahom IV"]
[BlackTeam "Povazske Podhradie II"]
[WhiteTeamCountry "SVK"]
[BlackTeamCountry "SVK"]

1. e4 d6 2. d4 Nf6 3. Nc3 g6 4. Nf3 Bg7 5. Bc4 c5 6. dxc5 Qa5 7. Bb5+ Bd7 8. Bxd7+ Nbxd7 9. Bd2 Qxc5 10. 0-0 0-0 11. Rb1 Rfc8 12. Be3 Qc6 13. Qd3 Nc5 14. Bxc5 Qxc5 15. Rfc1 Ng4 16. Nd1 Qa5 17. h3 Ne5 18. Nxe5 Bxe5 19. Ne3 Qxa2 20. Qb5 Qa6 21. Qxa6 bxa6 22. Nd5 Kf8 23. c3 Rab8 24. Nb4 a5 25. Nd3 Bf6 26. f4 Rb5 27. g4 h6 28. Ra1 Rc4 29. Kf2 Rxe4 30. c4 Rb3 31. Rd1 Bd4+ 32. Kf1 Bxb2 33. Rxa5 Bd4 34. Rd5 Bb6 35. Rc1 Re3 36. c5 Rbxd3 37. Rxd3 Rxd3 38. cxb6 axb6 39. h4 Rf3+ 40. Kg2 Rxf4 41. Kg3 Re4 42. h5 gxh5 43. gxh5 0-1

[Event "Liptovsky Mikulas V4 U15 op"]
[Site "Liptovsky Mikulas"]
[Date "2017.06.24"]
[Round "7"]
[White "Usarova, Evita"]
[Black "Hudek, Simon"]
[Result "1-0"]
[WhiteElo "1522"]
[BlackElo "1362"]
[PlyCount "71"]
[EventDate "2017.06.21"]
[EventType "swiss"]
[EventRounds "9"]
[EventCountry "SVK"]
[SourceTitle "CBM 179 Extra"]
[Source "ChessBase"]
[SourceDate "2017.08.23"]
[SourceVersion "1"]
[SourceVersionDate "2017.08.23"]
[SourceQuality "1"]

1. e4 d6 2. d4 Nf6 3. Nc3 g6 4. Nf3 Bg7 5. Be2 0-0 6. 0-0 Bg4 7. h3 Bxf3 8. Bxf3 c6 9. a4 Qc7 10. Qe2 Nbd7 11. Bf4 Ne8 12. Qd3 c5 13. Nd5 Qd8 14. c3 Nc7 15. Nxc7 Qxc7 16. Rfd1 Rfd8 17. Rac1 Qb6 18. Rc2 Qb3 19. Rcd2 Qxa4 20. Qe3 Rac8 21. e5 dxe5 22. dxe5 e6 23. Bg5 Bxe5 24. Bxd8 Rxd8 25. Qe4 c4 26. Qxb7 Rb8 27. Qxd7 Qa5 28. Qc6 Bf4 29. Rd7 Rxb2 30. Qc8+ Kg7 31. Qe8 Qf5 32. Bg4 Qf6 33. Bxe6 Kh6 34. Rxf7 Qe5 35. Qf8+ Kg5 36. Qe7+ 1-0

[Event "Liptovsky Mikulas V4 U15 op"]
[Site "Liptovsky Mikulas"]
[Date "2017.06.22"]
[Round "2"]
[White "Hudek, Simon"]
[Black "Wos, Kacper"]
[Result "1-0"]
[WhiteElo "1362"]
[BlackElo "1089"]
[PlyCount "79"]
[EventDate "2017.06.21"]
[EventType "swiss"]
[EventRounds "9"]
[EventCountry "SVK"]
[SourceTitle "CBM 179 Extra"]
[Source "ChessBase"]
[SourceDate "2017.08.23"]
[SourceVersion "1"]
[SourceVersionDate "2017.08.23"]
[SourceQuality "1"]

1. e4 c5 2. Nf3 d6 3. d4 cxd4 4. Qxd4 Nc6 5. Qe3 a6 6. c4 Bg4 7. Be2 Nf6 8. Nc3 e6 9. 0-0 Be7 10. b3 Nb4 11. Qd2 0-0 12. a3 Nc6 13. Bb2 Qb6 14. b4 Bxf3 15. Bxf3 Nd4 16. Bd1 Rac8 17. Na4 Nxe4 18. Nxb6 Nxd2 19. Nxc8 Rxc8 20. Bxd4 Nxf1 21. Kxf1 Rxc4 22. Be3 Bf6 23. Rb1 d5 24. Bb3 Rc8 25. Rc1 Rd8 26. Bb6 Re8 27. Ba4 Rf8 28. Bc5 Rc8 29. Be3 Rd8 30. Bb6 Rf8 31. Rc2 g6 32. Rc7 Bb2 33. Bc5 Rd8 34. b5 axb5 35. Bxb5 d4 36. Rd7 Rc8 37. Bxd4 Bxd4 38. Rxb7 h5 39. Ke2 Kh7 40. Rxf7+ 1-0

[Event "Liptovsky Mikulas V4 U15 op"]
[Site "Liptovsky Mikulas"]
[Date "2017.06.22"]
[Round "3"]
[White "Strelbitska, Oleksandra"]
[Black "Hudek, Simon"]
[Result "0-1"]
[WhiteElo "1592"]
[BlackElo "1362"]
[PlyCount "68"]
[EventDate "2017.06.21"]
[EventType "swiss"]
[EventRounds "9"]
[EventCountry "SVK"]
[SourceTitle "CBM 179 Extra"]
[Source "ChessBase"]
[SourceDate "2017.08.23"]
[SourceVersion "1"]
[SourceVersionDate "2017.08.23"]
[SourceQuality "1"]

1. d4 e6 2. c4 d5 3. Nc3 Nf6 4. Bg5 Be7 5. e3 Nbd7 6. c5 0-0 7. Nf3 h6 8. Bf4 Nh5 9. Ne2 Re8 10. Bg3 c6 11. h3 Nxg3 12. Nxg3 b6 13. b4 Bf6 14. Be2 e5 15. 0-0 bxc5 16. bxc5 exd4 17. Nxd4 Qc7 18. Rc1 Ne5 19. Ngf5 Bd7 20. Nd6 Red8 21. Ba6 Be7 22. N4f5 Bf8 23. Nb7 Bxf5 24. Nxd8 Rxd8 25. Qa4 Nd3 26. Bxd3 Bxd3 27. Rfd1 Be4 28. f3 Bxf3 29. gxf3 Qg3+ 30. Kf1 Qxf3+ 31. Ke1 Qxe3+ 32. Kf1 Qf3+ 33. Ke1 Re8+ 34. Kd2 Re2# 0-1

[Event "SVK-ch U14"]
[Site "Liptovsky Mikulas"]
[Date "2017.04.24"]
[Round "4"]
[White "Hudek, Simon"]
[Black "Viczencz, Peter"]
[Result "0-1"]
[WhiteElo "1276"]
[BlackElo "1764"]
[PlyCount "82"]
[EventDate "2017.04.22"]
[EventType "swiss"]
[EventRounds "9"]
[EventCountry "SVK"]
[SourceTitle "CBM 178 Extra"]
[Source "ChessBase"]
[SourceDate "2017.06.22"]
[SourceVersion "1"]
[SourceVersionDate "2017.06.22"]
[SourceQuality "1"]

1. e4 c5 2. Nf3 e6 3. d4 cxd4 4. Nxd4 Nf6 5. Nc3 Bb4 6. e5 Nd5 7. Qd3 Qc7 8. Bd2 Qxe5+ 9. Be2 Nc6 10. Nf3 Qd6 11. 0-0-0 Nxc3 12. Bxc3 Qxd3 13. Rxd3 Bxc3 14. Rxc3 d5 15. Bb5 Bd7 16. Rd1 Rc8 17. Ne5 Ke7 18. Bxc6 Bxc6 19. Rf3 f6 20. Nxc6+ Rxc6 21. Re3 Rd8 22. Red3 Rc4 23. b3 Rc5 24. Kb2 e5 25. c3 Ke6 26. b4 Rc4 27. Kb3 Re4 28. R1d2 b5 29. Kc2 Rc4 30. Kb3 Rd7 31. f3 d4 32. Rc2 Rdc7 33. Rc1 Rxc3+ 34. Rdxc3 Rxc3+ 35. Rxc3 dxc3 36. Kxc3 Kd5 37. Kd3 f5 38. h4 e4+ 39. fxe4+ fxe4+ 40. Ke3 Kc4 41. Kxe4 Kxb4 0-1

[Event "SVK-ch U14"]
[Site "Liptovsky Mikulas"]
[Date "2017.04.22"]
[Round "1"]
[White "Slivka, David"]
[Black "Hudek, Simon"]
[Result "1-0"]
[WhiteElo "1681"]
[BlackElo "1276"]
[PlyCount "69"]
[EventDate "2017.04.22"]
[EventType "swiss"]
[EventRounds "9"]
[EventCountry "SVK"]
[SourceTitle "CBM 178 Extra"]
[Source "ChessBase"]
[SourceDate "2017.06.22"]
[SourceVersion "1"]
[SourceVersionDate "2017.06.22"]
[SourceQuality "1"]

1. e4 e6 2. d4 d5 3. Nc3 Bb4 4. e5 Ne7 5. a3 Bxc3+ 6. bxc3 c5 7. Qg4 Qa5 8. Bd2 Rg8 9. Bd3 Ng6 10. h4 c4 11. Bxg6 hxg6 12. Nf3 Nc6 13. h5 Rh8 14. Ng5 Ne7 15. Qf3 Nf5 16. Rh3 Qc7 17. hxg6 Rxh3 18. gxf7+ Qxf7 19. Qxh3 Qg8 20. Qh5+ g6 21. Qh7 Qxh7 22. Nxh7 Kf7 23. Ke2 Bd7 24. Nf6 Ba4 25. Rh1 g5 26. Kd1 Kg6 27. Rh5 g4 28. Rh7 Bc6 29. g3 Rf8 30. Rh2 Kf7 31. Nxg4 Ke8 32. Nf6+ Kd8 33. Rh7 a6 34. Bg5 Kc8 35. g4 1-0

[Event "SVK-chT3B2 1617"]
[Site "Slovakia"]
[Date "2017.02.19"]
[Round "8.7"]
[White "Cesnek, Peter"]
[Black "Hudek, Simon"]
[Result "1-0"]
[WhiteElo "1690"]
[BlackElo "1248"]
[PlyCount "60"]
[EventDate "2016.10.16"]
[EventType "team-tourn"]
[EventRounds "11"]
[EventCountry "SVK"]
[SourceTitle "EXT 2018"]
[Source "ChessBase"]
[SourceDate "2017.10.13"]
[SourceVersion "1"]
[SourceVersionDate "2017.10.13"]
[SourceQuality "1"]
[WhiteTeam "Povazska Bystrica Sparta III"]
[BlackTeam "Povazske Podhradie II"]
[WhiteTeamCountry "SVK"]
[BlackTeamCountry "SVK"]

1. e4 e6 2. d4 d5 3. e5 c5 4. Bb5+ Nc6 5. Bxc6+ bxc6 6. Ne2 Ne7 7. c3 Qa5 8. Nd2 Nf5 9. Nb3 Qb5 10. g4 Nh4 11. 0-0 Ba6 12. Ng3 Be7 13. Re1 0-0 14. dxc5 Bxc5 15. Nxc5 Qxc5 16. Be3 Qe7 17. b4 Rfc8 18. f4 Bc4 19. Bc5 Qd7 20. g5 a5 21. Qg4 Nf5 22. a3 a4 23. Nxf5 exf5 24. Qh4 Qe6 25. Re3 Qg6 26. Rae1 Re8 27. Rh3 Re6 28. Qf2 Kh8 29. Ree3 h6 30. Reg3 h5 1-0

[Event "SVK-chT3B2 1617"]
[Site "Slovakia"]
[Date "2017.01.29"]
[Round "7.7"]
[White "Hudek, Simon"]
[Black "Uhrecky, Urban"]
[Result "0-1"]
[WhiteElo "1248"]
[BlackElo "1616"]
[PlyCount "46"]
[EventDate "2016.10.16"]
[EventType "team-tourn"]
[EventRounds "11"]
[EventCountry "SVK"]
[SourceTitle "EXT 2018"]
[Source "ChessBase"]
[SourceDate "2017.10.13"]
[SourceVersion "1"]
[SourceVersionDate "2017.10.13"]
[SourceQuality "1"]
[WhiteTeam "Povazske Podhradie II"]
[BlackTeam "Bojnice"]
[WhiteTeamCountry "SVK"]
[BlackTeamCountry "SVK"]

1. e4 c5 2. Nf3 e6 3. d4 cxd4 4. Nxd4 Nc6 5. Nc3 Nf6 6. Be3 Bb4 7. Bd3 0-0 8. 0-0 e5 9. Nf3 d6 10. h3 Be6 11. Ng5 Ne7 12. Nxe6 fxe6 13. Bc4 d5 14. Bd3 d4 15. Bd2 dxc3 16. bxc3 Bc5 17. Qe2 Ng6 18. g3 h6 19. Rad1 Nh7 20. h4 Nxh4 21. gxh4 Qxh4 22. Be3 Rf6 23. Bxc5 Rg6+ 0-1

[Event "Liptovsky Mikulas V4 U15 op"]
[Site "Liptovsky Mikulas"]
[Date "2016.06.25"]
[Round "8"]
[White "Hudek, Simon"]
[Black "Malinowski, Aleksander"]
[Result "1-0"]
[WhiteElo "1291"]
[BlackElo "1400"]
[PlyCount "79"]
[EventDate "2016.06.22"]
[EventType "swiss"]
[EventRounds "9"]
[EventCountry "SVK"]
[SourceTitle "CBM 173 Extra"]
[Source "ChessBase"]
[SourceDate "2016.08.29"]
[SourceVersion "1"]
[SourceVersionDate "2016.08.29"]
[SourceQuality "1"]

1. e4 c5 2. Nf3 Nc6 3. c3 e5 4. d4 cxd4 5. cxd4 exd4 6. Nxd4 Bc5 7. Nb5 Nge7 8. N1c3 0-0 9. Be2 a6 10. Nd6 Qc7 11. Bf4 b5 12. 0-0 Bb7 13. g3 Bxd6 14. Qxd6 Qxd6 15. Bxd6 Rfe8 16. Rfd1 Ng6 17. f3 Re6 18. Bc7 Re7 19. Nd5 Re6 20. Nb6 Rae8 21. Rxd7 Nb8 22. Rd8 Rxd8 23. Bxd8 Nc6 24. Rd1 Nf8 25. Bc7 Re7 26. Bd6 Re6 27. Bxf8 Kxf8 28. Rd7 Re7 29. Rxe7 Kxe7 30. Nd5+ Kd6 31. Kf2 Nd4 32. Nc3 Nxe2 33. Kxe2 g5 34. Ke3 f6 35. f4 h6 36. Kd4 Ke6 37. Nd5 Bxd5 38. exd5+ Kd6 39. b4 f5 40. h3 1-0

[Event "Liptovsky Mikulas V4 U15 op"]
[Site "Liptovsky Mikulas"]
[Date "2016.06.24"]
[Round "6"]
[White "Hudek, Simon"]
[Black "Franko, Ondrej"]
[Result "0-1"]
[WhiteElo "1291"]
[BlackElo "1706"]
[PlyCount "92"]
[EventDate "2016.06.22"]
[EventType "swiss"]
[EventRounds "9"]
[EventCountry "SVK"]
[SourceTitle "CBM 173 Extra"]
[Source "ChessBase"]
[SourceDate "2016.08.29"]
[SourceVersion "1"]
[SourceVersionDate "2016.08.29"]
[SourceQuality "1"]

1. e4 c6 2. d4 d5 3. Nc3 dxe4 4. Nxe4 Bf5 5. Nc5 e5 6. Nxb7 Qb6 7. Nc5 exd4 8. Nb3 c5 9. Nf3 Nc6 10. Bd3 Be6 11. Be4 Rd8 12. Bxc6+ Qxc6 13. Bf4 Qe4+ 14. Qe2 Qxf4 15. 0-0 Nf6 16. Rfe1 Be7 17. Qb5+ Nd7 18. Ne5 0-0 19. Nxd7 Bxd7 20. Qa6 Bf6 21. Nxc5 Qc7 22. Nxd7 Rxd7 23. Qd3 Re7 24. Re4 Rxe4 25. Qxe4 Qe7 26. Qxe7 Bxe7 27. Rd1 Bc5 28. Kf1 Re8 29. Re1 Rxe1+ 30. Kxe1 Kf8 31. f3 Ke7 32. Kd2 Kd6 33. Kd3 Kd5 34. a3 Bd6 35. h3 Bf4 36. b3 Bc1 37. a4 Bb2 38. g3 Bc3 39. Ke2 Kc5 40. Kd3 a5 41. f4 Kb4 42. g4 Ka3 43. h4 g6 44. g5 Kb2 45. b4 Bxb4 46. Kxd4 Kxc2 0-1

[Event "SVK-ch U14"]
[Site "Liptovsky Mikulas"]
[Date "2016.04.19"]
[Round "5"]
[White "Gyuricsek, Szilard"]
[Black "Hudek, Simon"]
[Result "1-0"]
[WhiteElo "1378"]
[BlackElo "1277"]
[PlyCount "106"]
[EventDate "2016.04.16"]
[EventType "swiss"]
[EventRounds "9"]
[EventCountry "SVK"]
[SourceTitle "CBM 172 Extra"]
[Source "ChessBase"]
[SourceDate "2016.06.21"]
[SourceVersion "1"]
[SourceVersionDate "2016.06.21"]
[SourceQuality "1"]

1. e4 e6 2. d4 d5 3. Nc3 Nf6 4. e5 Nfd7 5. Nf3 c5 6. Be3 f6 7. Qd2 Be7 8. Be2 0-0 9. 0-0 Qc7 10. exf6 Nxf6 11. Bf4 Qd8 12. Nb5 Na6 13. Nc3 Nc7 14. Rfe1 Nh5 15. dxc5 Nxf4 16. Rad1 Bxc5 17. Na4 Be7 18. Bf1 Bg5 19. Nxg5 Qxg5 20. Kh1 Rf6 21. g3 Rg6 22. Qxf4 Qxf4 23. gxf4 b6 24. Bd3 Rg4 25. Nc3 b5 26. Ne2 Bb7 27. Ng3 Rxf4 28. Rd2 Raf8 29. Kg1 Re8 30. Re5 h6 31. Rde2 a6 32. c3 Rc8 33. a3 Bc6 34. Bc2 Bd7 35. R2e3 Rcf8 36. Re2 Rg4 37. Rd2 Rgf4 38. Bd1 g6 39. b3 Rf3 40. Bxf3 Rxf3 41. Re3 Rf6 42. c4 bxc4 43. bxc4 Ba4 44. cxd5 Nxd5 45. Re4 Bb5 46. Re1 Ne7 47. Rd6 Kf7 48. Ne4 Rf4 49. Ng3 Rf6 50. Rc1 Nd5 51. Ne4 Rf3 52. Nc5 Nc7 53. a4 Be2 1-0